书目信息 |
| 题名: |
写作教学研究
|
|
| 作者: | 郑桂华 著 | |
| 分册: | ||
| 出版信息: | 南宁 广西教育出版社 2020.04 |
|
| 页数: | 337页 | |
| 开本: | 25cm | |
| 丛书名: | 中国语文教育研究丛书 | |
| 单 册: | ||
| 中图分类: | G633.342 | |
| 科图分类: | ||
| 主题词: | 作文课--zuo wen ke--教学研究--中小学 | |
| 电子资源: | ||
| ISBN: | 978-7-5435-8431-0 | |
| 000 | 00809nam 2200265 450 | |
| 001 | 012001000296 | |
| 005 | 20140131130728.0 | |
| 010 | @a978-7-5435-8431-0@dCNY52.00 | |
| 099 | @aCAL 012018144557 | |
| 100 | @a20220905d2018 em y0chiy50 ea | |
| 101 | 0 | @achi |
| 102 | @aCN@b450000 | |
| 105 | @ak a 000yy | |
| 106 | @ar | |
| 200 | 1 | @a写作教学研究@Axie zuo jiao xue yan jiu@f郑桂华著 |
| 210 | @a南宁@c广西教育出版社@d2020.04 | |
| 215 | @a337页@d25cm | |
| 225 | 2 | @a中国语文教育研究丛书@Azhong guo yu wen jiao yu yan jiu cong shu |
| 320 | @a有书目 (第323-335页) | |
| 410 | 0 | @12001 @a中国语文教育研究丛书 |
| 606 | 0 | @a作文课@Azuo wen ke@x教学研究@x中小学 |
| 690 | @aG633.342@v5 | |
| 701 | 0 | @a郑桂华@Azheng gui hua@4著 |
| 801 | 0 | @aCN@bAHXH@c20221111 |
| 905 | @b1364142-6@dG633.342@e1010@f5 | |
| 写作教学研究/郑桂华著.-南宁:广西教育出版社,2020.04 |
| 337页;25cm.-(中国语文教育研究丛书) |
| ISBN 978-7-5435-8431-0:CNY52.00 |
| ● |
| 相关链接 |
|
|
|
|
正题名:写作教学研究
索取号:G633.342/1010
 
预约/预借
| 序号 | 登录号 | 条形码 | 馆藏地/架位号 | 状态 | 备注 |
| 1 | 1364142 | 213641424 | 第一样本阅览室/ [索取号:G633.342/1010] | 在馆 | |
| 2 | 1364143 | 213641433 | 教育系资料室/ [索取号:G633.342/1010] | 在馆 | |
| 3 | 1364144 | 213641442 | 教育系资料室/ [索取号:G633.342/1010] | 在馆 | |
| 4 | 1364145 | 213641451 | 第四借阅区/ [索取号:G633.342/1010] | 在馆 | |
| 5 | 1364146 | 213641460 | 第四借阅区/ [索取号:G633.342/1010] | 在馆 |